| 000 | 01123nam a2200277 a 4500 | ||
|---|---|---|---|
| 001 | BRCA_239 | ||
| 005 | 20190320202930.0 | ||
| 008 | 940610s1992####sp-a#####b---s000-0#spa-d | ||
| 020 | _a8445305980 | ||
| 041 | _aspapor | ||
| 044 | _asp | ||
| 050 | 4 |
_aF1416 _b.P37 1992 |
|
| 100 | 1 |
_aParrilla, José Antonio _9836 |
|
| 245 | 1 | 0 |
_aA Chamada do Novo Mundo _bGalicia e América no século XVI = La llamada del nuevo Mundo : Galicia y América en el siglo XVI _cJosé Antonio Parrilla. |
| 260 |
_aEspaña _bXunta de Galicia _c1992 |
||
| 300 |
_a208 p. _bil. (algunas a color) _c24 cm. |
||
| 440 | 0 |
_aColección Galicia e América _9837 |
|
| 500 | _aIncluye cronología 1492-1600 | ||
| 546 | _aTexto en: español y portugués | ||
| 651 | 4 |
_aAmérica _vGallegos _xDescubrimiento y exploración _9838 |
|
| 651 | 4 |
_aGalicia (España) _xHistoria _ySiglo XVI _zAmérica Latina _9839 |
|
| 651 | 4 |
_aGalicia (España) _vRelaciones _ySiglo XVI _zAmérica Latina _9840 |
|
| 651 | 4 |
_aAmérica Latina _vRelaciones _ySiglo XVI _zGalicia (España) _9841 |
|
| 740 | 0 | _aLa llamada del nuevo mundo : Galicia y América en el siglo XVI | |
| 942 |
_2lcc _cB |
||
| 999 |
_c196 _d196 |
||